000 00598nam a2200205Ia 4500
005 20250923150042.0
008 008 250917s9999 xx 000 0 eng d
037 _aTextual
040 _aDSWL
_beng
_cDSWL
041 _aeng
_2eng
084 _aYX;1-8;f, N98
_qDSWL
100 _aGreenwood, D.J.
_9841687
245 0 _aIntroduction to action research : Social research social change
_c by D.J. Greenwood
260 _aThousand
_b Sage
_c1998
300 _a274 p.
365 _aINR
_b1569.25
925 _g1569.25
942 _cTEXL
_hYX;1-8;f, N98
999 _c1458998
_d1458998